000 00451nam a2200181Ia 4500
001 1679
005 20260306143746.0
008 260306t2015||||xx |||||||||||||| ||spa||
041 _aESP
082 _a154.24
_bB85
100 _aBruce, Jorge
_eAUT
245 0 _aLas partes en conflicto:
_bpsicoanálisis, conflicto y alteridad
260 _c2015
300 _a119 páginas :
_c24 cm.
650 _aGEN
654 _aCPS
942 _cLIB
_dJUS
_fJUS
_2ddc
_n
999 _c1679
_d1679